Count Multiples of 16 - One Minute Sprint - Statistics

General Stats
  • This quiz has been taken 15 times
  • The average score is 34 of 50
Answer Stats
*16 % Correct
112
100%
128
100%
144
100%
16
100%
160
100%
176
100%
192
100%
208
100%
32
100%
48
100%
64
100%
80
100%
96
100%
224
86%
240
86%
256
86%
272
86%
288
86%
304
86%
320
86%
336
86%
352
86%
368
86%
384
86%
400
86%
416
86%
432
86%
448
86%
464
86%
480
86%
496
71%
512
71%
528
43%
544
43%
560
43%
576
43%
592
29%
608
29%
624
29%
640
29%
656
29%
672
29%
688
29%
704
29%
720
14%
736
14%
752
14%
768
14%
784
14%
800
14%
No matching quizzes found
Score Distribution
Percent of People with Each Score
Percentile by Number Answered
Your Score History
You have not taken this quiz